[Event "EU-chT (Women) 24th"]
[Site "Budva"]
[Date "2023.11.20"]
[Round "9.11"]
[White "De Rycke, Tyani"]
[Black "Zimina, Olga"]
[Result "1/2-1/2"]
[WhiteElo "2007"]
[BlackElo "2277"]
[PlyCount "120"]
[EventDate "2023.11.11"]
[EventType "team-swiss"]
[EventRounds "9"]
[EventCountry "MNE"]
[SourceTitle "CB47_2023"]
[SourceDate "2023.11.22"]
[SourceVersion "1"]
[SourceVersionDate "2023.11.22"]
[SourceQuality "1"]
[WhiteTeam "Belgium (W)"]
[BlackTeam "Italy (W)"]
[WhiteTeamCountry "BEL"]
[BlackTeamCountry "ITA"]

1. e4 e5 2. Nf3 Nc6 3. Bc4 Nf6 4. d3 d5 5. exd5 Nxd5 6. 0-0 Nb6 7. Bb3 Bg4 8. h3 Bh5 9. Re1 Qe7 10. Be3 0-0-0 11. Nc3 f6 12. a4 a5 13. Bxb6 cxb6 14. Nb5 g5 15. Qe2 Re8 16. Qe3 Qd8 17. d4 e4 18. Nd2 f5 19. Nc4 f4 20. Qd2 Kb8 21. c3 Na7 22. Qc2 Nxb5 23. axb5 Bg6 24. Ne5 Rxe5 25. dxe5 e3 26. Rad1 Qe8 27. Qe2 Bc5 28. Rd4 Qxe5 29. fxe3 Re8 30. Rd5 Qxe3+ 31. Qxe3 Bxe3+ 32. Kf1 Bf7 33. Red1 Bxd5 34. Rxd5 h6 35. Rd6 Re5 36. Rd5 Re7 37. Rd6 h5 38. Rd5 Rg7 39. h4 gxh4 40. Rxh5 Rd7 41. Rd5 Rh7 42. Bc2 Rh6 43. Bf5 f3 44. Rd8+ Ka7 45. Rd3 Rf6 46. Be4 fxg2+ 47. Kxg2 Bc5 48. Rd7 Kb8 49. Rxb7+ Kc8 50. Kh3 Rf2 51. b4 axb4 52. cxb4 Bd4 53. Rh7 Bf6 54. Rf7 Rf4 55. Bc6 Rf2 56. Bb7+ Kd8 57. Bc6 Rf4 58. Rd7+ Kc8 59. Rf7 Rf2 60. Bb7+ Kd8 1/2-1/2

[Event "Brasschaat op"]
[Site "Brasschaat"]
[Date "2023.08.26"]
[Round "8"]
[White "Cuyvers, Jens"]
[Black "De Rycke, Tyani"]
[Result "0-1"]
[WhiteElo "1743"]
[BlackElo "1975"]
[PlyCount "88"]
[EventDate "2023.08.18"]
[EventType "swiss"]
[EventRounds "9"]
[EventCountry "BEL"]
[SourceTitle "EXT 2024"]
[Source "ChessBase"]
[SourceDate "2023.10.10"]
[SourceVersion "1"]
[SourceVersionDate "2023.10.10"]
[SourceQuality "1"]

1. d4 Nf6 2. c4 g6 3. g3 Bg7 4. Bg2 0-0 5. Nc3 d6 6. Nf3 Nbd7 7. 0-0 e5 8. e4 exd4 9. Nxd4 Nc5 10. h3 Re8 11. Re1 h6 12. Rb1 a5 13. Ndb5 Be6 14. b3 Nfd7 15. Bf4 c6 16. Nd4 Ne5 17. Bxe5 dxe5 18. Nxe6 Nxe6 19. Qxd8 Rexd8 20. Red1 Nd4 21. Kf1 Bf8 22. Rd3 Bb4 23. Na4 Ra6 24. c5 Kf8 25. h4 Ke7 26. Bh3 Raa8 27. Rbd1 Nb5 28. Nb6 Rxd3 29. Rxd3 Rd8 30. Rxd8 Kxd8 31. Nd7 Bc3 32. Nb6 Bd4 33. Nc4 Nc3 34. Nd6 Kc7 35. f3 Nxa2 36. Nxf7 Bxc5 37. Nxe5 Nc1 38. Nxg6 Nxb3 39. Be6 Nd4 40. Bg4 a4 41. Nf4 a3 42. Ne6+ Kd6 43. e5+ Kxe5 44. f4+ Kd6 0-1

[Event "Wch U18 Girls"]
[Site "Mamaia"]
[Date "2022.09.16"]
[Round "11"]
[White "Sovetbekova, Nurai"]
[Black "De Rycke, Tyani"]
[Result "0-1"]
[WhiteElo "1992"]
[BlackElo "2148"]
[PlyCount "78"]
[EventDate "2022.09.06"]
[EventType "swiss"]
[EventRounds "11"]
[EventCountry "ROU"]
[SourceTitle "CBM 210 Extra"]
[Source "ChessBase"]
[SourceDate "2022.11.30"]
[SourceVersion "1"]
[SourceVersionDate "2022.11.30"]
[SourceQuality "1"]

1. d4 Nf6 2. c4 g6 3. g3 Bg7 4. Bg2 0-0 5. Nc3 d6 6. Nf3 Nbd7 7. 0-0 e5 8. e4 exd4 9. Nxd4 Nc5 10. h3 Re8 11. Re1 h6 12. Rb1 a5 13. b3 c6 14. a3 Ne6 15. Be3 Ng5 16. Bxg5 hxg5 17. Qd2 g4 18. h4 Nd7 19. Rbd1 Ne5 20. Nce2 a4 21. Qc1 axb3 22. c5 b2 23. Qc2 dxc5 24. Nf5 Qb6 25. Nxg7 Kxg7 26. Rb1 Rxa3 27. Rxb2 Qa5 28. Rd1 c4 29. Nf4 b5 30. h5 g5 31. h6+ Kh7 32. Nh5 Kxh6 33. Nf6 Re6 34. Nxg4+ Nxg4 35. Bh3 Rf6 36. Qc1 Qa7 37. Bxg4 Rxg3+ 38. Kh2 Rxg4 39. Qd2 c3 0-1

[Event "Wch U18 Girls"]
[Site "Mamaia"]
[Date "2022.09.06"]
[Round "1"]
[White "Mirowska, Oliwia"]
[Black "De Rycke, Tyani"]
[Result "1/2-1/2"]
[WhiteElo "1856"]
[BlackElo "2148"]
[PlyCount "91"]
[EventDate "2022.09.06"]
[EventType "swiss"]
[EventRounds "11"]
[EventCountry "ROU"]
[SourceTitle "CBM 210 Extra"]
[Source "ChessBase"]
[SourceDate "2022.11.30"]
[SourceVersion "1"]
[SourceVersionDate "2022.11.30"]
[SourceQuality "1"]

1. e4 c5 2. Nf3 Nc6 3. d4 cxd4 4. Nxd4 e6 5. Nb5 Nf6 6. N1c3 Bb4 7. a3 Bxc3+ 8. Nxc3 d5 9. exd5 exd5 10. Bd3 d4 11. Ne2 0-0 12. 0-0 Bg4 13. Bg5 Qd6 14. f3 Bh5 15. Qd2 Rfe8 16. Rad1 Rad8 17. Nf4 Bg6 18. Nxg6 hxg6 19. f4 Ne7 20. Rf3 Qb6 21. Qb4 Qxb4 22. axb4 Ned5 23. b5 Ne3 24. Ra1 Rc8 25. Bxf6 gxf6 26. Rf2 a6 27. bxa6 bxa6 28. h3 a5 29. b3 Rc5 30. Ra4 Rd8 31. Rd2 Kf8 32. Kf2 f5 33. Kf3 Ke7 34. Re2 Rd6 35. b4 axb4 36. Rxb4 Kf6 37. Rd2 Rc3 38. Kf2 Ke6 39. g3 Kd5 40. Rb7 Ke6 41. Rb4 Rd8 42. Ra4 Kd5 43. Rxd4+ Kxd4 44. Be2+ Kc5 45. Rxd8 Nxc2 46. Rc8+ 1/2-1/2

[Event "Wachtebeke op"]
[Site "Wachtebeke"]
[Date "2022.03.02"]
[Round "7"]
[White "Van der Meiden, Dirk"]
[Black "De Rycke, Tyani"]
[Result "1-0"]
[WhiteElo "1989"]
[BlackElo "1980"]
[PlyCount "103"]
[EventDate "2022.02.26"]
[EventType "swiss"]
[EventRounds "9"]
[EventCountry "BEL"]
[SourceTitle "CBM 207 Extra"]
[Source "ChessBase"]
[SourceDate "2022.05.31"]
[SourceVersion "1"]
[SourceVersionDate "2022.05.31"]
[SourceQuality "1"]

1. e4 c5 2. Nf3 Nc6 3. d4 cxd4 4. Nxd4 e6 5. Nc3 Nf6 6. Ndb5 Bb4 7. a3 Bxc3+ 8. Nxc3 d5 9. exd5 exd5 10. Bd3 d4 11. Ne2 Bg4 12. 0-0 0-0 13. f3 Bh5 14. Bg5 Qd6 15. Qd2 Nd5 16. Be4 f6 17. c4 Nb6 18. Bf4 Qc5 19. b4 Qxc4 20. Rfc1 Qf7 21. Bxc6 bxc6 22. Nxd4 Rfd8 23. Qf2 Nd5 24. Bg3 Qd7 25. Nxc6 Rdc8 26. Qc5 Bf7 27. b5 Re8 28. Rd1 Qb7 29. Rxd5 Bxd5 30. Qxd5+ Kh8 31. a4 Re2 32. Rd1 Rae8 33. Bf2 a6 34. Qd7 Qxd7 35. Rxd7 axb5 36. axb5 Rb2 37. g4 Rxb5 38. Ne7 h6 39. Nf5 Rg8 40. Bd4 Rb1+ 41. Kg2 Rd1 42. Nxh6 Re8 43. Nf5 Re2+ 44. Kg3 Red2 45. h4 Rd3 46. g5 fxg5 47. hxg5 Rg1+ 48. Kf4 Rxf3+ 49. Kxf3 Rxg5 50. Bxg7+ Kg8 51. Nh6+ Kh7 52. Bf6+ 1-0

[Event "Online Olym Div2 A"]
[Site "Chess.com INT"]
[Date "2020.08.16"]
[Round "8.6"]
[White "De Rycke, Tyani"]
[Black "Tarasenka, Aliaksandra"]
[Result "0-1"]
[WhiteElo "1937"]
[BlackElo "2070"]
[PlyCount "126"]
[EventDate "2020.08.14"]
[EventType "team-tourn (rapid)"]
[EventRounds "9"]
[EventCountry "USA"]
[SourceTitle "CBM 198"]
[Source "ChessBase"]
[SourceDate "2020.10.31"]
[SourceVersion "1"]
[SourceVersionDate "2020.10.31"]
[SourceQuality "1"]
[WhiteTeam "Belgium"]
[BlackTeam "Belarus"]
[WhiteTeamCountry "BEL"]
[BlackTeamCountry "BLR"]

1. e4 c5 2. Nc3 Nc6 3. g3 g6 4. Bg2 Bg7 5. d3 e6 6. Be3 d6 7. Qd2 Nge7 8. f4 0-0 9. Nge2 Nd4 10. 0-0 Nec6 11. Nd1 d5 12. Nxd4 cxd4 13. Bf2 dxe4 14. dxe4 e5 15. Qd3 Qe7 16. a3 a5 17. f5 b6 18. Qb5 Qc7 19. Qa4 Ba6 20. Re1 Rac8 21. Qb3 Ne7 22. Qf3 f6 23. c3 Rfd8 24. cxd4 exd4 25. g4 Nc6 26. Bf1 Ne5 27. Qb3+ Bc4 28. Bxc4+ Qxc4 29. Qxb6 Nf3+ 30. Kg2 Nxe1+ 31. Bxe1 Qe2+ 32. Nf2 d3 33. Rd1 Rb8 34. Qe6+ Kh8 35. Bc3 Re8 36. Qd6 Rbd8 37. Qb6 Rf8 38. Qxa5 gxf5 39. exf5 Rde8 40. Qd5 Re3 41. Re1 Qxe1 42. Bxe1 Rxe1 43. Qxd3 Rfe8 44. b4 Bf8 45. Qc3 Kg7 46. a4 R8e3 47. Qc7+ Re7 48. Qc6 R7e2 49. b5 Rb2 50. Qc7+ Re7 51. Qb6 Ree2 52. Qa7+ Kg8 53. a5 Rxb5 54. Kf3 Ra2 55. a6 Rb3+ 56. Ke4 Rba3 57. Qb7 Rxa6 58. Nd3 R2a4+ 59. Ke3 Ra3 60. Kd4 Rd6+ 61. Kc4 Raxd3 62. Kb4 Rb6+ 63. Ka4 Ra3# 0-1

[Event "Online Olym Div2 A"]
[Site "Chess.com INT"]
[Date "2020.08.14"]
[Round "2.6"]
[White "De Rycke, Tyani"]
[Black "Krasteva, Beloslava"]
[Result "0-1"]
[WhiteElo "1937"]
[BlackElo "2229"]
[PlyCount "78"]
[EventDate "2020.08.14"]
[EventType "team-tourn (rapid)"]
[EventRounds "9"]
[EventCountry "USA"]
[SourceTitle "CBM 198"]
[Source "ChessBase"]
[SourceDate "2020.10.31"]
[SourceVersion "1"]
[SourceVersionDate "2020.10.31"]
[SourceQuality "1"]
[WhiteTeam "Belgium"]
[BlackTeam "Bulgaria"]
[WhiteTeamCountry "BEL"]
[BlackTeamCountry "BUL"]

1. e4 c5 2. Nc3 Nc6 3. g3 g6 4. Bg2 Bg7 5. d3 d6 6. Be3 Rb8 7. Qd2 b5 8. Nge2 b4 9. Nd1 Nd4 10. c3 bxc3 11. bxc3 Nxe2 12. Qxe2 e6 13. 0-0 Ne7 14. f4 0-0 15. e5 Ba6 16. exd6 Qxd6 17. Nf2 Nf5 18. Rac1 Rfd8 19. Rfd1 Nxe3 20. Qxe3 Qc7 21. Ne4 Rbc8 22. Kh1 Qa5 23. Rd2 Qa3 24. Rcc2 Bb5 25. h3 Ba4 26. Rb2 Bxc3 27. Nxc3 Qxc3 28. Rb7 a5 29. Qe2 c4 30. Bf1 cxd3 31. Qe3 Bc6+ 32. Bg2 Bxb7 33. Bxb7 Rb8 34. Be4 Rb1+ 35. Kg2 Rb2 36. Rf2 Rxf2+ 37. Qxf2 d2 38. Bf3 d1Q 39. Bxd1 Rxd1 0-1

[Event "Online Olym Div3 C"]
[Site "Chess.com INT"]
[Date "2020.08.08"]
[Round "6.5"]
[White "De Rycke, Tyani"]
[Black "Tala, Alnasser"]
[Result "1-0"]
[WhiteElo "1924"]
[BlackElo "1431"]
[PlyCount "73"]
[EventDate "2020.08.07"]
[EventType "team-tourn (rapid)"]
[EventRounds "9"]
[EventCountry "USA"]
[SourceTitle "CBM 198"]
[Source "ChessBase"]
[SourceDate "2020.10.31"]
[SourceVersion "1"]
[SourceVersionDate "2020.10.31"]
[SourceQuality "1"]
[WhiteTeam "Belgium"]
[BlackTeam "Jordan"]
[WhiteTeamCountry "BEL"]
[BlackTeamCountry "JOR"]

1. e4 c5 2. Nc3 Nc6 3. g3 g6 4. Bg2 Bg7 5. d3 d6 6. Be3 Nh6 7. h3 f5 8. Qd2 Nf7 9. Nge2 0-0 10. 0-0 Bd7 11. f4 Rb8 12. Rae1 Nd4 13. Nd1 Nxe2+ 14. Qxe2 Bc6 15. exf5 Bxg2 16. Qxg2 gxf5 17. Qd5 Qe8 18. Qxf5 Nh6 19. Qe6+ Qf7 20. Qxf7+ Rxf7 21. g4 Rbf8 22. c3 a5 23. Nf2 Kh8 24. Ne4 Ng8 25. f5 h6 26. Nd2 b5 27. Nf3 Nf6 28. Nh4 Kh7 29. Ng6 Re8 30. Bf4 Nd5 31. Bxd6 c4 32. dxc4 bxc4 33. Be5 e6 34. Bxg7 Kxg7 35. Nf4 Nxf4 36. Rxf4 Rfe7 37. f6+ 1-0

[Event "Wch U14 Girls"]
[Site "Mumbai"]
[Date "2019.10.10"]
[Round "9"]
[White "De Rycke, Tyani"]
[Black "Omonova, Umida"]
[Result "1/2-1/2"]
[WhiteElo "1891"]
[BlackElo "2078"]
[PlyCount "104"]
[EventDate "2019.10.02"]
[EventType "swiss"]
[EventRounds "11"]
[EventCountry "IND"]
[SourceTitle "EXT 2020"]
[Source "ChessBase"]
[SourceDate "2019.10.17"]
[SourceVersion "1"]
[SourceVersionDate "2019.10.17"]
[SourceQuality "1"]

1. e4 c5 2. Nc3 Nc6 3. g3 g6 4. Bg2 Bg7 5. d3 d6 6. Be3 Rb8 7. Qd2 b5 8. f4 b4 9. Nd1 e6 10. c3 Qb6 11. Ne2 e5 12. 0-0 Nge7 13. h3 h5 14. Nf2 Be6 15. g4 hxg4 16. hxg4 exf4 17. Nxf4 bxc3 18. bxc3 Qb2 19. Nxe6 fxe6 20. Qxb2 Rxb2 21. Rfc1 0-0 22. g5 Ne5 23. Rcb1 Rfb8 24. Rxb2 Rxb2 25. d4 Nc4 26. Bc1 Rb8 27. Bf1 Na5 28. Bf4 cxd4 29. Bxd6 Rb7 30. cxd4 Bxd4 31. Rd1 Nec6 32. Bh3 Kf7 33. Rd3 Ne5 34. Bxe5 Bxe5 35. Ng4 Nc6 36. Rf3+ Ke7 37. Nxe5 Nxe5 38. Rf6 Rb6 39. Kf2 a5 40. Ke3 a4 41. Kd4 Nd7 42. Rf2 Rb4+ 43. Ke3 a3 44. Rc2 Ne5 45. Kf4 Rb2 46. Rc3 Kd6 47. Rxa3 Nc6 48. e5+ Nxe5 49. Ra6+ Nc6 50. Bxe6 Rb4+ 51. Kg3 Kc7 52. Bf7 Ne5 1/2-1/2

[Event "Wch U14 Girls"]
[Site "Porto Carras"]
[Date "2018.10.20"]
[Round "1"]
[White "De Rycke, Tyani"]
[Black "Ning, Kaiyu"]
[Result "0-1"]
[WhiteElo "1758"]
[BlackElo "2217"]
[PlyCount "78"]
[EventDate "2018.10.20"]
[EventType "swiss"]
[EventRounds "11"]
[EventCountry "GRE"]
[SourceTitle "CBM 187 Extra"]
[Source "ChessBase"]
[SourceDate "2018.11.04"]
[SourceVersion "1"]
[SourceVersionDate "2018.11.04"]
[SourceQuality "1"]

1. e4 e6 2. d4 d5 3. exd5 exd5 4. Nf3 Bd6 5. Bd3 Nc6 6. c3 h6 7. 0-0 Qf6 8. Qe2+ Nge7 9. Ne1 Bf5 10. Bxf5 Qxf5 11. Qd3 0-0-0 12. f4 h5 13. b3 f6 14. Ba3 Rhe8 15. Bxd6 Rxd6 16. a4 Re6 17. Nd2 Qxd3 18. Nxd3 Re3 19. Rf3 Nf5 20. Raf1 Nh4 21. Rg3 Rxg3 22. hxg3 Nf5 23. Kh2 Nd6 24. b4 Re2 25. Rf2 Re7 26. Rf1 Ne4 27. Nb1 g6 28. Nc5 Nxc5 29. dxc5 a5 30. b5 Nd8 31. Nd2 Re3 32. Rf3 Re2 33. Rd3 Nf7 34. Rxd5 Nh6 35. Nf3 Rc2 36. Kh3 Rc1 37. Nh2 Rh1 38. g4 hxg4+ 39. Kg3 Nf5+ 0-1

[Event "Wch U12 Girls"]
[Site "Batumi"]
[Date "2016.10.24"]
[Round "6"]
[White "De Rycke, Tyani"]
[Black "Sovina, Maria"]
[Result "1/2-1/2"]
[WhiteElo "1403"]
[BlackElo "1679"]
[PlyCount "108"]
[EventDate "2016.10.19"]
[EventType "swiss"]
[EventRounds "11"]
[EventCountry "GEO"]
[SourceTitle "EXT 2018"]
[Source "ChessBase"]
[SourceDate "2017.10.13"]
[SourceVersion "1"]
[SourceVersionDate "2017.10.13"]
[SourceQuality "1"]

1. e4 c5 2. Nc3 Nc6 3. g3 g6 4. Bg2 Bg7 5. d3 d6 6. Be3 Rb8 7. Qd2 b5 8. f4 Bd7 9. Nf3 Nd4 10. 0-0 b4 11. Nd1 Nxf3+ 12. Bxf3 Nf6 13. Nf2 h5 14. h3 Qc8 15. Kh2 Ng4+ 16. Bxg4 hxg4 17. c3 gxh3 18. Rfc1 bxc3 19. bxc3 f5 20. d4 Qc6 21. d5 Qa4 22. Rab1 0-0 23. Nxh3 Qxe4 24. Ng5 Qxb1 25. Rxb1 Rxb1 26. Ne6 Bxe6 27. dxe6 Rfb8 28. Qd5 R8b2+ 29. Kh3 Bxc3 30. g4 fxg4+ 31. Kxg4 Bf6 32. Qa8+ Rb8 33. Qxa7 R1b7 34. Qa6 Rb4 35. Qa7 R8b7 36. Qa8+ Rb8 37. Qa7 R4b7 38. Qa6 Rb4 39. Qa7 Rf8 40. Bd2 Rb2 41. Bc1 Rc2 42. Be3 Rc3 43. Bd2 Rd3 44. Bc1 Rd1 45. Be3 c4 46. Qa4 Rd3 47. Bc1 Rd4 48. Be3 Rd3 49. Bc1 Rd4 50. Be3 Re4 51. Kf3 d5 52. Qd7 Bd4 53. Bc1 Be5 54. Qxd5 Re1 1/2-1/2